[Event "IECG QN.2001.0.00181"]
[Site "IECG email"]
[Date "2001.05.11"]
[Round "?"]
[White "Paccione, Patrizio"]
[Black "Redding, Jason"]
[Result "1/2-1/2"]
[WhiteElo "800"]
[BlackElo "800"]
[PlyCount "41"]
[EventDate "2001.05.11"]
[EventType "tourn (corr)"]
[EventRounds "6"]
[SourceTitle "Corr 2008"]
[Source "ChessBase"]
[SourceDate "2008.06.24"]
[SourceVersion "1"]
[SourceVersionDate "2008.06.24"]
[SourceQuality "1"]

1. e4 e5 2. Nf3 Nc6 3. Bb5 d6 4. d4 exd4 5. Nxd4 Bd7 6. Nc3 Ne5 7. f4 Bxb5 8. Ndxb5 a6 9. fxe5 axb5 10. e6 fxe6 11. Qh5+ Kd7 12. Qxb5+ Kc8 13. 0-0 Nf6 14. Bg5 Be7 15. e5 Nd5 16. Bxe7 Nxc3 17. bxc3 Qxe7 18. Rab1 Ra7 19. exd6 Qxd6 20. Rfd1 Qb6+ 21. Qxb6 1/2-1/2

[Event "IECG QN.2001.0.00181"]
[Site "IECG email"]
[Date "2001.05.11"]
[Round "?"]
[White "Redding, Jason"]
[Black "Soule, Larry P"]
[Result "1-0"]
[WhiteElo "800"]
[BlackElo "687"]
[PlyCount "56"]
[EventDate "2001.05.11"]
[EventType "tourn (corr)"]
[EventRounds "6"]
[SourceTitle "Corr 2008"]
[Source "ChessBase"]
[SourceDate "2008.06.24"]
[SourceVersion "1"]
[SourceVersionDate "2008.06.24"]
[SourceQuality "1"]

1. d4 d5 2. Nf3 Nf6 3. c4 e6 4. Nc3 Be7 5. e3 0-0 6. Be2 dxc4 7. 0-0 b6 8. Bxc4 Bb7 9. Qe2 c5 10. Rd1 Qc7 11. e4 Rd8 12. Nb5 Qc8 13. Bf4 Nxe4 14. Nc7 cxd4 15. Nxa8 Bxa8 16. Nxd4 Bc5 17. Be3 Nd7 18. Rac1 Ne5 19. Bb3 Qb8 20. Nb5 Bxe3 21. Rxd8+ Qxd8 22. Qxe3 Ng4 23. Qf4 Ngxf2 24. Rc7 Nh3+ 25. gxh3 Ng5 26. Kf1 h6 27. Bc2 Bd5 28. h4 e5 1-0

[Event "IECG QN.2001.0.00179"]
[Site "IECG email"]
[Date "2001.05.03"]
[Round "?"]
[White "Redding, Jason"]
[Black "Filipe, Robert"]
[Result "1-0"]
[WhiteElo "800"]
[BlackElo "800"]
[PlyCount "58"]
[EventDate "2001.05.03"]
[EventType "tourn (corr)"]
[EventRounds "6"]
[SourceTitle "Corr 2008"]
[Source "ChessBase"]
[SourceDate "2008.06.24"]
[SourceVersion "1"]
[SourceVersionDate "2008.06.24"]
[SourceQuality "1"]

1. d4 d6 2. Nf3 Nf6 3. Bg5 h6 4. Bxf6 gxf6 5. Nc3 e5 6. Qd2 Nc6 7. 0-0-0 Bg4 8. d5 Bxf3 9. exf3 Nd4 10. Qxd4 exd4 11. Bb5+ Qd7 12. Rhe1+ Be7 13. Bxd7+ Kxd7 14. Rxd4 Rhe8 15. Rb4 f5 16. Rxb7 Bg5+ 17. Kd1 Re7 18. Rxe7+ Bxe7 19. Nb5 a6 20. Rxc7+ Kd8 21. Ra7 Rb8 22. Nd4 Rxb2 23. Nc6+ Ke8 24. Nxe7 Rxa2 25. Nxf5 h5 26. Nxd6+ Kf8 27. Rxf7+ Kg8 28. Ra7 Ra5 29. c4 Kf8 1-0

[Event "IECG QN.2000.0.00122"]
[Site "IECG email"]
[Date "2000.06.12"]
[Round "?"]
[White "Parker, Steph"]
[Black "Redding, Jason"]
[Result "0-1"]
[WhiteElo "804"]
[BlackElo "800"]
[PlyCount "28"]
[EventDate "2000.06.12"]
[EventType "tourn (corr)"]
[EventRounds "6"]
[SourceTitle "Corr 2008"]
[Source "ChessBase"]
[SourceDate "2008.06.24"]
[SourceVersion "1"]
[SourceVersionDate "2008.06.24"]
[SourceQuality "1"]

1. e4 e5 2. Nf3 Nc6 3. Bc4 Nf6 4. c3 Nxe4 5. 0-0 d5 6. d3 Nxf2 7. Kxf2 dxc4 8. d4 e4 9. Nfd2 Be6 10. Nxe4 Qh4+ 11. g3 Qxe4 12. Nd2 Qd5 13. b3 Nxd4 14. cxd4 Qxd4+ 0-1

[Event "IECG QN.2000.0.00122"]
[Site "IECG email"]
[Date "2000.06.12"]
[Round "?"]
[White "Redding, Jason"]
[Black "Meymuhin, Anatoliy"]
[Result "0-1"]
[WhiteElo "800"]
[BlackElo "800"]
[PlyCount "42"]
[EventDate "2000.06.12"]
[EventType "tourn (corr)"]
[EventRounds "6"]
[SourceTitle "Corr 2008"]
[Source "ChessBase"]
[SourceDate "2008.06.24"]
[SourceVersion "1"]
[SourceVersionDate "2008.06.24"]
[SourceQuality "1"]

1. e4 c5 2. Nf3 d6 3. d4 cxd4 4. Nxd4 Nf6 5. Nc3 e6 6. Bg5 Be7 7. Bb5+ Bd7 8. 0-0 0-0 9. Qf3 Nc6 10. Nxc6 bxc6 11. Bxc6 Bxc6 12. Rad1 Rc8 13. Bf4 Qb6 14. Bxd6 Bxd6 15. Rxd6 Qxb2 16. Rfd1 Bb7 17. R6d3 Rxc3 18. Rxc3 Bxe4 19. Rb3 Qxc2 20. Rc3 Bxf3 21. Rxc2 Bxd1 0-1